Lokalizacje Stadionów Polskich Klubów Piłkarskich - Statystyki

Ogólne statystyki
  • Ten quiz został rozwiązany 60 razy
  • Średni wynik to 8 z 12
Statystyki odpowiedzi
Ulica Klub % Poprawnych
Łazienkowska Legia Warszawa
98%
Bułgarska Lech Poznań
96%
Reymonta Wisła Kraków
85%
Kałuży Cracovia
80%
Konwiktorska Polonia Warszawa
70%
Roosevelta Górnik Zabrze
67%
Cicha Ruch Chorzów
63%
Oporowska (dawniej) Śląsk Wrocław
48%
Słoneczna Jagiellonia Białystok
44%
Okrzei Piast Gliwice
41%
Piłsudskiego Widzew Łódź
35%
Solskiego Stal Mielec
24%
Nie znaleziono quizów pasujących do podanych kryteriów
Rozkład punktacji
Procent ludzi z każdym wynikiem
Percentyl według liczby udzielonych odpowiedzi
Twoja historia wyników
Nie rozwiązałeś tego quizu